[Event "TCh-FRA Top 16 GpA 2023"]
[Site "Chartres FRA"]
[Date "2023.06.06"]
[Round "6.3"]
[Board "1"]
[White "Baklan, Vladimir"]
[Black "Fedorchuk, Sergey A."]
[Result "1/2-1/2"]
[WhiteTitle "GM"]
[BlackTitle "GM"]
[WhiteElo "2544"]
[BlackElo "2579"]
[WhiteTeam "C.E.Strasbourg"]
[BlackTeam "Echiquier Chalonnais"]
[WhiteFideId "14102196"]
[BlackFideId "14102536"]
[EventDate "2023.06.01"]

1. e4 e5 2. Nf3 Nc6 3. Bb5 Nf6 4. O-O Nxe4 5. Re1 Nd6 6. Nxe5 Be7 7. Bf1 Nxe5 8.
Rxe5 O-O 9. d4 Bf6 10. Re2 b6 11. Re1 Bb7 12. Bf4 Ne4 13. Nd2 Nxd2 14. Qxd2 d6
15. a4 Qd7 16. a5 Rae8 17. axb6 1/2-1/2

[Event "TCh-FRA Top 16 GpA 2023"]
[Site "Chartres FRA"]
[Date "2023.06.06"]
[Round "6.3"]
[Board "2"]
[White "Salgado Lopez, Ivan"]
[Black "Kovchan, Alexander"]
[Result "1-0"]
[WhiteTitle "GM"]
[BlackTitle "GM"]
[WhiteElo "2591"]
[BlackElo "2446"]
[WhiteTeam "Echiquier Chalonnais"]
[BlackTeam "C.E.Strasbourg"]
[WhiteFideId "2257327"]
[BlackFideId "14103052"]
[EventDate "2023.06.01"]

1. Nf3 Nf6 2. c4 g6 3. b3 Bg7 4. Bb2 O-O 5. g3 d6 6. Bg2 e5 7. d3 a5 8. a3 Na6
9. O-O c6 10. Nbd2 Rb8 11. Qc2 Re8 12. Rfd1 c5 13. Ne4 b6 14. Nfd2 Nh5 15. Nc3
Nc7 16. b4 Ne6 17. e3 Ng5 18. bxa5 Nh3+ 19. Kf1 bxa5 20. Rab1 Bh6 21. Nd5 Bg4
22. Re1 f5 23. f3 Rf8 24. Ke2 Qg5 25. fxg4 Qxg4+ 26. Bf3 Qg5 27. Bc3 Nxg3+ 28.
hxg3 Qxg3 29. Rxb8 Rxb8 30. Qa4 Bxe3 31. Nxe3 Nf4+ 32. Kd1 Nxd3 33. Rf1 Qg5 34.
Bd5+ Kh8 35. Ke2 Nf4+ 36. Rxf4 Qxf4 37. Qd7 Qh2+ 38. Kd3 1-0

[Event "TCh-FRA Top 16 GpA 2023"]
[Site "Chartres FRA"]
[Date "2023.06.06"]
[Round "6.3"]
[Board "3"]
[White "Prusikin, Michael"]
[Black "Grandelius, Nils"]
[Result "0-1"]
[WhiteTitle "GM"]
[BlackTitle "GM"]
[WhiteElo "2513"]
[BlackElo "2674"]
[WhiteTeam "C.E.Strasbourg"]
[BlackTeam "Echiquier Chalonnais"]
[WhiteFideId "4642325"]
[BlackFideId "1710400"]
[EventDate "2023.06.01"]

1. d4 d5 2. c4 e6 3. Nf3 Nf6 4. Nc3 c6 5. e3 a6 6. a3 Nbd7 7. c5 g6 8. b4 Bg7 9.
Bb2 O-O 10. Be2 Qe7 11. O-O e5 12. Nxe5 Nxe5 13. dxe5 Qxe5 14. Bf3 h5 15. Ra2
Qg5 16. e4 dxe4 17. Nxe4 Nxe4 18. Bxg7 Kxg7 19. Bxe4 Rd8 20. f4 Qf6 21. Rd2 Bg4
22. Bf3 Bf5 23. Rff2 Rxd2 24. Rxd2 Qc3 25. Re2 a5 26. Qd2 axb4 27. axb4 Qf6 28.
Qb2 Ra1+ 29. Kf2 Rb1 30. Qxf6+ Kxf6 31. Re8 Rxb4 32. Ke3 h4 33. Rh8 Rb3+ 34. Kf2
Be6 35. Rxh4 Rb5 36. Rh8 Rxc5 37. Rb8 b5 38. Rb6 Bd7 39. h4 Rc4 40. Ke3 Ke7 41.
g4 Rc2 42. h5 gxh5 43. gxh5 Kd6 44. Rb8 Rh2 45. Rh8 b4 46. Be4 b3 47. h6 f5 48.
Bb1 0-1

[Event "TCh-FRA Top 16 GpA 2023"]
[Site "Chartres FRA"]
[Date "2023.06.06"]
[Round "6.3"]
[Board "4"]
[White "David, Alberto"]
[Black "Vitoux, Colomban"]
[Result "1-0"]
[WhiteTitle "GM"]
[BlackTitle "IM"]
[WhiteElo "2540"]
[BlackElo "2371"]
[WhiteTeam "Echiquier Chalonnais"]
[BlackTeam "C.E.Strasbourg"]
[WhiteFideId "4000013"]
[BlackFideId "628549"]
[EventDate "2023.06.01"]

1. e4 c5 2. Nf3 Nf6 3. d3 d5 4. Nbd2 Nc6 5. g3 g6 6. Bg2 Bg7 7. O-O O-O 8. Re1
Re8 9. c3 b6 10. e5 Nd7 11. d4 f6 12. exf6 Nxf6 13. Ne5 Bb7 14. Nxc6 Bxc6 15.
Nf3 Ne4 16. Ng5 e5 17. Nxe4 dxe4 18. dxc5 Qxd1 19. Rxd1 bxc5 20. Re1 Red8 21.
Bg5 Rdb8 22. Rab1 Rb6 23. Bxe4 Rab8 24. b3 a5 25. Rbd1 a4 26. bxa4 Bxe4 27. Rxe4
Rb2 28. Rd5 Bf8 29. Rdxe5 Rxa2 30. Be3 Rb3 31. Re8 Kf7 32. Rd8 1-0

[Event "TCh-FRA Top 16 GpA 2023"]
[Site "Chartres FRA"]
[Date "2023.06.06"]
[Round "6.3"]
[Board "5"]
[White "Sharif, Mehrshad"]
[Black "Velten, Paul"]
[Result "0-1"]
[WhiteTitle "IM"]
[BlackTitle "GM"]
[WhiteElo "2330"]
[BlackElo "2493"]
[WhiteTeam "C.E.Strasbourg"]
[BlackTeam "Echiquier Chalonnais"]
[WhiteFideId "600121"]
[BlackFideId "681091"]
[EventDate "2023.06.01"]

1. Nf3 d5 2. g3 Nf6 3. Bg2 c5 4. O-O e6 5. c4 d4 6. e3 Nc6 7. exd4 cxd4 8. d3
Bd6 9. Bg5 h6 10. Bxf6 Qxf6 11. Nbd2 Qe7 12. a3 a5 13. Ne4 Bc7 14. b4 axb4 15.
axb4 Rxa1 16. Qxa1 Qxb4 17. Rb1 Qe7 18. Nxd4 Nxd4 19. Qxd4 O-O 20. Qc5 Qd7 21.
Qe3 b6 22. Nc3 Bd8 23. Nb5 Bg5 24. Qe4 f5 25. Qe2 Bf6 26. Rd1 Ba6 27. Qa2 Bxb5
28. cxb5 Bd4 29. Bc6 Qd6 30. Re1 Rf6 31. Kg2 Kh7 32. Re2 h5 33. h4 g6 34. Qa7+
Kh6 35. Qd7 e5 36. Qxd6 Rxd6 37. Rc2 Bc5 38. Rc3 Rd4 39. Kf3 Rb4 40. Rc2 Rb3 41.
Ke2 Kg7 42. Ra2 Kf6 43. Be8 g5 44. hxg5+ Kxg5 45. Bd7 Rb4 46. Rc2 h4 47. gxh4+
Rxh4 48. Bc6 Rf4 49. Kf1 Rb4 50. Ke2 Rb1 51. Ra2 Kf4 52. Ra4+ Bb4 53. f3 Kg3 54.
d4 exd4 55. Kd3 Bc5 56. Kc2 Re1 57. Ra7 Re3 58. Rh7 Rc3+ 59. Kb2 Kf4 60. Rd7 Ke3
61. Rd5 Ba3+ 62. Ka2 d3 63. Re5+ Kf2 64. f4 d2 65. Rd5 Ke2 66. Be8 Kd1 67. Bh5+
Kc1 0-1

[Event "TCh-FRA Top 16 GpA 2023"]
[Site "Chartres FRA"]
[Date "2023.06.06"]
[Round "6.3"]
[Board "6"]
[White "Guilleux, Fabien"]
[Black "Roos, Jean-Luc"]
[Result "1-0"]
[WhiteTitle "IM"]
[BlackTitle "IM"]
[WhiteElo "2392"]
[BlackElo "2184"]
[WhiteTeam "Echiquier Chalonnais"]
[BlackTeam "C.E.Strasbourg"]
[WhiteFideId "657883"]
[BlackFideId "600601"]
[EventDate "2023.06.01"]

1. Nf3 d5 2. g3 Nf6 3. Bg2 e6 4. O-O Be7 5. d3 c5 6. Nbd2 Nc6 7. e4 O-O 8. Re1
b5 9. e5 Nd7 10. Nf1 a5 11. h4 a4 12. a3 b4 13. Bf4 Nb6 14. Ne3 Ra7 15. h5 f5
16. d4 bxa3 17. bxa3 c4 18. Qd2 Bd7 19. Nd1 h6 20. Nh2 Qe8 21. Bf3 Qf7 22. Nc3
Ra6 23. Nf1 Rb8 24. Ne3 Qf8 25. Nb5 Nc8 26. Nc7 Ra5 27. Nexd5 Bxa3 28. Nc3 Rb7
29. Nxe6 Bxe6 30. Bxc6 Rba7 31. Nb5 Rxb5 32. Bxb5 c3 33. Qd3 Nb6 34. Bc6 Bb2 35.
d5 Bf7 36. e6 Bxh5 37. d6 Bxa1 38. Rxa1 1-0

[Event "TCh-FRA Top 16 GpA 2023"]
[Site "Chartres FRA"]
[Date "2023.06.06"]
[Round "6.3"]
[Board "7"]
[White "Roos, Louis"]
[Black "Bournel, Antoine"]
[Result "1/2-1/2"]
[WhiteTitle "IM"]
[BlackTitle "IM"]
[WhiteElo "2254"]
[BlackElo "2354"]
[WhiteTeam "C.E.Strasbourg"]
[BlackTeam "Echiquier Chalonnais"]
[WhiteFideId "600288"]
[BlackFideId "26093553"]
[EventDate "2023.06.01"]

1. Nf3 d5 2. d4 Nf6 3. Bf4 c5 4. e3 Nc6 5. Be2 cxd4 6. exd4 Bg4 7. Nbd2 e6 8. c3
Bd6 9. Bxd6 Qxd6 10. O-O O-O 11. Ne5 Bxe2 12. Qxe2 Qc7 13. f4 Ne7 14. g4 g6 15.
Rf3 h5 16. h3 Kg7 17. Re1 Rae8 18. Rg3 Rh8 19. Qf3 Qb6 20. b3 hxg4 21. hxg4 Rh4
22. f5 exf5 23. gxf5 Nc6 24. Kg2 Nh5 25. fxg6 f6 26. Rg4 Rxg4+ 27. Qxg4 fxe5 28.
Qxh5 Rh8 29. Qf5 Qc7 30. Rf1 Qe7 31. Nf3 Rh6 32. Nxe5 Nxe5 33. Qxe5+ Qxe5 34.
dxe5 Rxg6+ 35. Kf3 Kf7 36. Rh1 Ra6 37. Rh2 Rc6 38. Kf4 Rxc3 39. Rh7+ Ke6 40.
Rxb7 Rc1 41. Rxa7 Rf1+ 42. Ke3 Kxe5 43. Re7+ Kd6 44. Rb7 Ke5 45. a4 Rh1 46. Kd3
Rh3+ 47. Kc2 Kd4 48. Rc7 Rh2+ 49. Kb1 Ke3 50. Rc3+ Ke4 51. Rc8 d4 52. a5 Rh6 53.
Re8+ Kd5 54. Kb2 Kc5 55. Ka3 d3 56. Rd8 Rh1 57. Kb2 Kb4 58. Ka2 Rh2+ 59. Kb1
Kxa5 60. Rxd3 Kb4 1/2-1/2

[Event "TCh-FRA Top 16 GpA 2023"]
[Site "Chartres FRA"]
[Date "2023.06.06"]
[Round "6.3"]
[Board "8"]
[White "Moracchini, Margaux"]
[Black "Koch, Marion"]
[Result "1/2-1/2"]
[WhiteElo "1952"]
[BlackElo "1648"]
[WhiteTeam "Echiquier Chalonnais"]
[BlackTeam "C.E.Strasbourg"]
[WhiteFideId "36018198"]
[BlackFideId "26022133"]
[EventDate "2023.06.01"]

1. e4 e5 2. Nf3 Nc6 3. d4 exd4 4. Nxd4 Nf6 5. Nxc6 bxc6 6. e5 Ne4 7. Qf3 Ng5 8.
Qg3 h6 9. Bd3 Qe7 10. O-O Bb7 11. f4 Ne6 12. f5 Nc5 13. f6 gxf6 14. exf6 Qd6 15.
Re1+ Ne6 16. Qxd6 Bxd6 17. Nc3 O-O-O 18. Rb1 Rdg8 19. Rf1 h5 20. Ne4 Be5 21. Be3
a6 22. Rf5 Bd4 23. Bxd4 Nxd4 24. Rf2 d6 25. c3 Ne6 26. Re1 d5 27. Ng3 Kd8 28.
Kf1 c5 29. Bf5 Bc8 30. Rd1 c6 31. Bxe6 Bxe6 32. Ne4 c4 33. Nc5 Bc8 34. Re1 Re8
35. Rfe2 Rxe2 36. Rxe2 Re8 37. Kf2 a5 38. Re3 Rxe3 39. Kxe3 Kc7 40. Kf4 Kd6 41.
Na4 Ke6 42. Nb6 Bb7 43. Kg5 c5 44. g4 hxg4 45. Kxg4 d4 46. cxd4 cxd4 47. Nxc4
Bd5 48. Nd2 Kxf6 49. Kf4 Ke6 50. a3 f5 51. h4 Kf6 52. Nf1 a4 53. Nd2 d3 54. Ke3
Be4 55. Kd4 Kg6 56. b4 axb3 57. Nxb3 Kh5 58. Nd2 Kxh4 59. a4 Bc6 60. Kxd3 1/2-1/2

[Event "TCh-FRA Top 16 GpA 2023"]
[Site "Chartres FRA"]
[Date "2023.06.06"]
[Round "6.4"]
[Board "1"]
[White "Donchenko, Alexander"]
[Black "Fedoseev, Vladimir3"]
[Result "1/2-1/2"]
[WhiteTitle "GM"]
[BlackTitle "GM"]
[WhiteElo "2667"]
[BlackElo "2676"]
[WhiteTeam "Vandoeuvre Echecs"]
[BlackTeam "Cappelle la Grande"]
[WhiteFideId "24603295"]
[BlackFideId "24130737"]
[EventDate "2023.06.01"]

1. c4 e5 2. Nc3 Nc6 3. g3 g6 4. Bg2 d6 5. e3 Be6 6. b3 Bg7 7. Nge2 Qd7 8. Nd5
O-O-O 9. h3 e4 10. Rb1 Ne5 11. Bxe4 Bxh3 12. d4 f5 13. dxe5 fxe4 14. exd6 c6 15.
Bb2 Bxb2 16. Rxb2 cxd5 17. Qd4 Bg2 18. Rh2 Qxd6 19. Rxg2 dxc4 20. Rc2 Nf6 21.
Rxc4+ Kb8 22. Qxd6+ Rxd6 23. g4 g5 24. Nd4 Re8 25. Ke2 Rd5 26. Rc1 1/2-1/2

[Event "TCh-FRA Top 16 GpA 2023"]
[Site "Chartres FRA"]
[Date "2023.06.06"]
[Round "6.4"]
[Board "2"]
[White "Dardha, Daniel"]
[Black "Hamitevici, Vladimir"]
[Result "1/2-1/2"]
[WhiteTitle "GM"]
[BlackTitle "GM"]
[WhiteElo "2619"]
[BlackElo "2493"]
[WhiteTeam "Cappelle la Grande"]
[BlackTeam "Vandoeuvre Echecs"]
[WhiteFideId "240990"]
[BlackFideId "13902393"]
[EventDate "2023.06.01"]

1. d4 d5 2. c4 c6 3. Nf3 Nf6 4. e3 Bf5 5. Nc3 e6 6. Nh4 Be4 7. f3 Bg6 8. Bd2
Nbd7 9. cxd5 Nxd5 10. Nxg6 hxg6 11. e4 Nxc3 12. bxc3 Bd6 13. f4 Bc7 14. Qf3 c5
15. Rb1 Bb6 16. d5 exd5 17. e5 c4 18. Qxd5 O-O 19. Bxc4 Qc7 20. Be2 Rfe8 21. Qc4
Qd8 22. Rb5 Rc8 23. Qd3 Qe7 24. Rd5 Nc5 25. Qf3 Ne6 26. h4 Red8 27. Rxd8+ Rxd8
28. h5 g5 29. fxg5 Nxg5 30. Qf5 Bf2+ 31. Kxf2 Rxd2 32. Rd1 Rxd1 33. Bxd1 Qc5+
34. Kf1 f6 35. Bb3+ Kh8 36. Bc2 Qxc3 37. exf6 Qxf6 38. Qxf6 gxf6 39. Kf2 Kg7 40.
Ke3 Kh6 41. g4 Nf7 42. Kd4 Kg5 43. Bf5 Nh6 44. Bc8 f5 45. gxf5 Nxf5+ 46. Kc5 b6+
47. Kc6 Nd4+ 48. Kb7 Nb5 1/2-1/2

[Event "TCh-FRA Top 16 GpA 2023"]
[Site "Chartres FRA"]
[Date "2023.06.06"]
[Round "6.4"]
[Board "3"]
[White "Solodovnichenko, Yuri"]
[Black "Enchev, Ivajlo"]
[Result "1-0"]
[WhiteTitle "GM"]
[BlackTitle "GM"]
[WhiteElo "2503"]
[BlackElo "2437"]
[WhiteTeam "Vandoeuvre Echecs"]
[BlackTeam "Cappelle la Grande"]
[WhiteFideId "14104369"]
[BlackFideId "2907712"]
[EventDate "2023.06.01"]

1. e4 e5 2. Nf3 Nc6 3. d4 exd4 4. Nxd4 Bc5 5. Nb3 Bb4+ 6. c3 Be7 7. Bf4 d6 8.
N1d2 Nf6 9. Be2 O-O 10. O-O Re8 11. Qc2 Bf8 12. Rfe1 g6 13. h3 Bg7 14. Rad1 Qe7
15. Nd4 Bd7 16. Bg5 h6 17. Bh4 g5 18. Bg3 Nxd4 19. cxd4 Nxe4 20. Bd3 d5 21. Nxe4
dxe4 22. Bxe4 Qb4 23. a3 Qa4 24. b3 Qxa3 25. Qxc7 Rxe4 26. Rxe4 Bc6 27. Re3 Bxd4
28. Red3 Bf6 29. Bd6 Qb2 30. Be7 Kg7 31. Bxf6+ Qxf6 32. Rd8 Rxd8 33. Qxd8 Qe6
34. Qd4+ Kg8 35. Qa1 f6 36. Re1 Qd5 37. f3 Qc5+ 38. Kh1 Kg7 39. Re6 Qf5 40. Re7+
Kg6 41. Qd1 a5 42. Qd8 Qb1+ 43. Kh2 Qxb3 44. Qh8 Qb2 45. Qg8+ Kh5 46. Qf7+ Kh4
47. Qc4+ Kh5 48. Re2 1-0

[Event "TCh-FRA Top 16 GpA 2023"]
[Site "Chartres FRA"]
[Date "2023.06.06"]
[Round "6.4"]
[Board "5"]
[White "Nezar, Mustapha"]
[Black "Ider, Borya"]
[Result "0-1"]
[WhiteTitle "IM"]
[BlackTitle "IM"]
[WhiteElo "2356"]
[BlackElo "2485"]
[WhiteTeam "Vandoeuvre Echecs"]
[BlackTeam "Cappelle la Grande"]
[WhiteFideId "608637"]
[BlackFideId "4901134"]
[EventDate "2023.06.01"]

1. d4 Nf6 2. Nf3 e6 3. c4 Bb4+ 4. Bd2 Qe7 5. Nc3 O-O 6. g3 d5 7. Qb3 Nc6 8. a3
Ba5 9. Bg2 Ne4 10. Rd1 Nxd2 11. Rxd2 Rd8 12. O-O dxc4 13. Qxc4 Bd7 14. Rfd1 Bxc3
15. Qxc3 Be8 16. Rc1 Rac8 17. e3 a6 18. Qc5 Qxc5 19. Rcc2 Qc3 20. Rxc3 Ne7 21.
Rc5 Nd5 22. Ne5 Bb5 23. Rc1 f6 24. Rdc2 Bd3 25. Nf3 Be4 26. Rd2 0-1

[Event "TCh-FRA Top 16 GpA 2023"]
[Site "Chartres FRA"]
[Date "2023.06.06"]
[Round "6.4"]
[Board "6"]
[White "Jossien, Arnaud"]
[Black "Brunner, Nicolas"]
[Result "1/2-1/2"]
[WhiteTitle "FM"]
[BlackTitle "IM"]
[WhiteElo "2268"]
[BlackElo "2424"]
[WhiteTeam "Cappelle la Grande"]
[BlackTeam "Vandoeuvre Echecs"]
[WhiteFideId "605948"]
[BlackFideId "620246"]
[EventDate "2023.06.01"]

1. e4 c5 2. Nc3 Nc6 3. Bb5 Nd4 4. Nf3 e6 5. O-O a6 6. Bd3 Nc6 7. Nd5 Bd6 8. Ne3
Bc7 9. c3 Nge7 10. Bc2 d5 11. exd5 exd5 12. d4 cxd4 13. Nxd4 Qd6 14. g3 Qf6 15.
Re1 O-O 16. Qh5 h6 17. Nxd5 Nxd5 18. Qxd5 Nxd4 19. Qxd4 Qxd4 20. cxd4 Ba5 21.
Re5 Bc7 22. Re1 Ba5 23. Re5 Bc7 24. Rc5 Bb6 25. Rc4 Rd8 26. Be3 a5 27. Be4 Be6
28. d5 Bxd5 29. Bxd5 Bxe3 30. Bxb7 Rab8 31. fxe3 Rxb7 32. Rc2 Rbd7 33. Re1 Rd2
34. Re2 Rd1+ 35. Kf2 Ra1 36. b3 a4 37. bxa4 Rd3 38. Rc4 Ra3 39. h4 h5 40. Kf3 g6
41. g4 hxg4+ 42. Kxg4 Kg7 43. Kf4 R3xa2 44. Rxa2 Rxa2 45. Ke5 Ra3 46. Kd4 Kh6
47. Kc5 Rxe3 48. a5 f6 49. a6 g5 50. a7 Ra3 51. Kb6 Kh5 52. hxg5 fxg5 53. Rd4
Ra1 54. Rd8 Kg4 55. a8=Q Rxa8 56. Rxa8 Kf3 57. Kc5 g4 58. Kd4 g3 59. Ra3+ Kf2
60. Ke4 g2 61. Ra2+ Kg3 62. Rxg2+ 1/2-1/2

[Event "TCh-FRA Top 16 GpA 2023"]
[Site "Chartres FRA"]
[Date "2023.06.06"]
[Round "6.4"]
[Board "7"]
[White "Savina, Anastasia"]
[Black "Maugenest, Ghislain"]
[Result "1-0"]
[WhiteTitle "IM"]
[WhiteElo "2341"]
[BlackElo "2212"]
[WhiteTeam "Vandoeuvre Echecs"]
[BlackTeam "Cappelle la Grande"]
[WhiteFideId "4196872"]
[BlackFideId "36029483"]
[EventDate "2023.06.01"]

1. Nf3 d5 2. c4 d4 3. b4 g6 4. Bb2 Bg7 5. g3 c5 6. bxc5 e5 7. d3 Na6 8. Bg2 Nxc5
9. O-O Ne7 10. Nbd2 O-O 11. Rb1 Qc7 12. Ba3 Rb8 13. Ng5 Rd8 14. Nb3 Na6 15. e3
Bh6 16. h4 dxe3 17. fxe3 Bxg5 18. hxg5 Nf5 19. Bd5 Be6 20. Qf3 e4 21. dxe4 Qxg3+
22. Qxg3 Nxg3 23. Rf2 Bxd5 24. exd5 b5 25. Na5 bxc4 26. Rd1 Rbc8 27. Rf6 Nb8 28.
Nb7 Ne4 29. Rf4 Rd7 30. Rxe4 Rxb7 31. Rc1 c3 32. Rxc3 Rd8 33. Be7 Re8 34. Bf6
Rf8 35. d6 Nd7 36. Rc7 Rb1+ 37. Kg2 Nxf6 38. gxf6 Rd1 39. d7 h5 40. Re8 g5 41.
Rxf8+ 1-0

[Event "TCh-FRA Top 16 GpA 2023"]
[Site "Chartres FRA"]
[Date "2023.06.06"]
[Round "6.4"]
[Board "8"]
[White "Lam, Sophie"]
[Black "Philippe, Christophe"]
[Result "0-1"]
[BlackTitle "IM"]
[WhiteElo "2076"]
[BlackElo "2347"]
[WhiteTeam "Cappelle la Grande"]
[BlackTeam "Vandoeuvre Echecs"]
[WhiteFideId "633704"]
[BlackFideId "610038"]
[EventDate "2023.06.01"]

1. e4 d5 2. exd5 Nf6 3. d4 Bg4 4. Bb5+ Nbd7 5. f3 Bf5 6. Nc3 a6 7. Ba4 b5 8. Bb3
Nb6 9. Nge2 Nbxd5 10. Nxd5 Nxd5 11. O-O g6 12. Ng3 Bg7 13. c3 O-O 14. Nxf5 gxf5
15. Bg5 f6 16. Bd2 Kh8 17. Re1 e5 18. Qc2 Ne7 19. Rad1 Qc8 20. Be3 Ng6 21. dxe5
fxe5 22. Bc5 Rf6 23. Kh1 Qe8 24. c4 c6 25. Rd6 Rxd6 26. Bxd6 Qd7 27. c5 Re8 28.
Qd2 e4 29. fxe4 fxe4 30. Bc2 Qf7 31. Bxe4 Rxe4 32. Rd1 Rd4 33. Qe2 Rxd1+ 34.
Qxd1 Qxa2 35. Qe1 Qf7 0-1

[Event "TCh-FRA Top 16 GpA 2023"]
[Site "Chartres FRA"]
[Date "2023.06.07"]
[Round "7.1"]
[Board "2"]
[White "Mamedov, Rauf"]
[Black "Nikolov, Momchil"]
[Result "1/2-1/2"]
[WhiteTitle "GM"]
[BlackTitle "GM"]
[WhiteElo "2642"]
[BlackElo "2506"]
[WhiteTeam "C'Chartres Echecs"]
[BlackTeam "Cappelle la Grande"]
[WhiteFideId "13401653"]
[BlackFideId "2905710"]
[EventDate "2023.06.01"]

1. e4 c5 2. Nc3 d6 3. Nf3 Nf6 4. g3 Nc6 5. Bg2 g6 6. O-O Bg7 7. Re1 Bg4 8. h3
Bxf3 9. Bxf3 O-O 10. Bg2 Rb8 11. a4 a6 12. d3 e6 13. Ne2 b5 14. axb5 axb5 15.
Be3 Qc7 16. c3 b4 17. Ra6 bxc3 18. bxc3 Rb6 19. Rxb6 Qxb6 20. Qa4 Rb8 21. Ra1
Ne8 22. Rc1 Qb5 23. Qxb5 Rxb5 24. f4 Rb2 25. Kf1 Bf8 26. Ra1 Nc7 27. Ke1 h5 28.
Kd1 Be7 29. Bc1 Rb5 30. Bd2 Ra5 31. Rb1 Rb5 32. Rc1 Rb2 33. Ra1 Kf8 34. Kc1 Rb6
35. Kc2 Ra6 36. Rb1 Ra2+ 37. Kd1 Ke8 38. Nc1 Ra5 39. Rb2 Kd7 40. Nb3 Ra4 41. Ke2
Na5 42. Nxa5 Rxa5 43. c4 Ra3 44. e5 d5 45. Bf3 Ra4 46. Rb6 Ra2 47. h4 dxc4 48.
dxc4 Ra3 49. Bc6+ Kc8 50. Be1 Ra2+ 51. Kd3 Ra1 52. Ke2 Rc1 53. Bb7+ Kd7 54. Bc6+
Kc8 55. Bb5 Nxb5 56. cxb5 Bd8 57. Rc6+ Kd7 58. Ra6 Rb1 59. Ra7+ Ke8 60. Rb7 c4
61. Bc3 Rb3 62. Kd2 Be7 63. Kc2 Bc5 64. Be1 Bd4 65. Rb8+ Ke7 66. Rc8 1/2-1/2

[Event "TCh-FRA Top 16 GpA 2023"]
[Site "Chartres FRA"]
[Date "2023.06.07"]
[Round "7.1"]
[Board "3"]
[White "Enchev, Ivajlo"]
[Black "Lagarde, Maxime"]
[Result "0-1"]
[WhiteTitle "GM"]
[BlackTitle "GM"]
[WhiteElo "2437"]
[BlackElo "2597"]
[WhiteTeam "Cappelle la Grande"]
[BlackTeam "C'Chartres Echecs"]
[WhiteFideId "2907712"]
[BlackFideId "662399"]
[EventDate "2023.06.01"]

1. d4 Nf6 2. c4 e6 3. Nc3 Bb4 4. Qc2 d5 5. cxd5 Qxd5 6. Nf3 Qf5 7. Qb3 Nc6 8.
Bd2 O-O 9. e3 Bd6 10. Nb5 e5 11. dxe5 Bxe5 12. Bd3 Qh5 13. Nxe5 Nxe5 14. Be2 Qg6
15. Nxc7 Qxg2 16. O-O-O Bg4 17. Bxg4 Nfxg4 18. Nxa8 Nxf2 19. Rhg1 Qe4 20. Nc7
Ned3+ 21. Kb1 Nb4+ 22. Ka1 Nc2+ 0-1

[Event "TCh-FRA Top 16 GpA 2023"]
[Site "Chartres FRA"]
[Date "2023.06.07"]
[Round "7.1"]
[Board "5"]
[White "Jossien, Remy"]
[Black "Maurizzi, Marc'Andria"]
[Result "0-1"]
[BlackTitle "GM"]
[WhiteElo "2231"]
[BlackElo "2548"]
[WhiteTeam "Cappelle la Grande"]
[BlackTeam "C'Chartres Echecs"]
[WhiteFideId "620238"]
[BlackFideId "36083534"]
[EventDate "2023.06.01"]

1. e4 c5 2. Nf3 Nc6 3. d4 cxd4 4. Nxd4 Nf6 5. Nc3 e5 6. Ndb5 d6 7. Bg5 a6 8. Na3
Be6 9. Nc4 Rb8 10. Ne3 Be7 11. Bxf6 Bxf6 12. Be2 Bg5 13. Ncd5 O-O 14. O-O g6 15.
c3 Bh6 16. Qd3 f5 17. Rad1 Kh8 18. b3 f4 19. Nc2 Rf7 20. Ndb4 Nxb4 21. Nxb4 Bf8
22. Rd2 Qh4 23. Rfd1 g5 24. Nd5 g4 25. c4 Qg5 26. b4 h5 27. a4 f3 28. Bf1 h4 29.
Qe3 Qh5 30. Qc3 g3 31. fxg3 hxg3 32. gxf3 Rxf3 33. Qc2 Bh6 34. Rg2 Rf2 35. Qd3
Rxg2+ 36. Bxg2 Qxh2+ 0-1

[Event "TCh-FRA Top 16 GpA 2023"]
[Site "Chartres FRA"]
[Date "2023.06.07"]
[Round "7.1"]
[Board "6"]
[White "Guliyev, Namig"]
[Black "Maugenest, Ghislain"]
[Result "1-0"]
[WhiteTitle "GM"]
[WhiteElo "2521"]
[BlackElo "2212"]
[WhiteTeam "C'Chartres Echecs"]
[BlackTeam "Cappelle la Grande"]
[WhiteFideId "13400363"]
[BlackFideId "36029483"]
[EventDate "2023.06.01"]

1. e4 e5 2. Nf3 Nc6 3. Bb5 a6 4. Ba4 Nf6 5. O-O b5 6. Bb3 Bc5 7. c3 d6 8. d4 Bb6
9. Be3 O-O 10. Nbd2 h6 11. h3 Re8 12. Re1 exd4 13. cxd4 Nb4 14. d5 Nd3 15. Re2
Nh5 16. Bxb6 cxb6 17. Qc2 Ndf4 18. Re3 Qf6 19. Ne1 Qg6 20. Kh1 f5 21. Qc6 Rb8
22. Bc2 Bb7 23. Qxb6 Bxd5 24. Qd4 Ba8 25. Kh2 Ne6 26. Bb3 f4 27. Re2 Kh8 28.
Qxd6 f3 29. Ndxf3 Nhf4 30. Re3 Bxe4 31. Ne5 Qf5 32. g4 Qh7 33. Nf7+ Kg8 34. f3
Bg6 35. Bxe6 Nxe6 36. Nxh6+ gxh6 37. Rxe6 Bf7 38. Rxh6 Qg7 39. Qf6 Re2+ 40. Kg3
a5 41. b3 a4 42. bxa4 b4 43. a5 Qxf6 44. Rxf6 Bxa2 45. Rb6 Rxb6 46. axb6 Bd5 47.
Rd1 Bc6 48. Rd6 b3 49. Nd3 Rc2 50. Rd8+ Kg7 51. b7 1-0

[Event "TCh-FRA Top 16 GpA 2023"]
[Site "Chartres FRA"]
[Date "2023.06.07"]
[Round "7.1"]
[Board "7"]
[White "Marchyllie, Bruno"]
[Black "Stephan, Victor"]
[Result "0-1"]
[BlackTitle "IM"]
[WhiteElo "2097"]
[BlackElo "2386"]
[WhiteTeam "Cappelle la Grande"]
[BlackTeam "C'Chartres Echecs"]
[WhiteFideId "604402"]
[BlackFideId "656666"]
[EventDate "2023.06.01"]

1. e4 c5 2. d4 cxd4 3. c3 dxc3 4. Nxc3 Nc6 5. Nf3 d6 6. Bc4 a6 7. O-O Nf6 8. Qe2
Bg4 9. Rd1 e6 10. Bf4 Qb8 11. b4 Be7 12. b5 axb5 13. Nxb5 Ne5 14. Bb3 O-O 15.
Rac1 Nh5 16. Be3 Ra6 17. h3 Bxf3 18. gxf3 Ng6 19. Qd2 Nh4 20. Qe2 d5 21. Nc7 Rc6
22. f4 g6 23. Rxc6 bxc6 24. Na6 Qb7 25. Nc5 Qb4 26. Rc1 Rd8 27. f3 Bxc5 28. Bxc5
Nxf4 29. Qe3 Qb8 30. Be7 d4 31. Rd1 dxe3 32. Rxd8+ Qxd8 33. Bxd8 Nxf3+ 0-1

[Event "TCh-FRA Top 16 GpA 2023"]
[Site "Chartres FRA"]
[Date "2023.06.07"]
[Round "7.1"]
[Board "8"]
[White "Daulyte-Cornette, Deimante"]
[Black "Fevrier, Edwige"]
[Result "1-0"]
[WhiteTitle "IM"]
[WhiteElo "2354"]
[BlackElo "1821"]
[WhiteTeam "C'Chartres Echecs"]
[BlackTeam "Cappelle la Grande"]
[WhiteFideId "12802859"]
[BlackFideId "699560"]
[EventDate "2023.06.01"]

1. e4 c5 2. Nc3 e6 3. Nge2 a6 4. g3 b5 5. Bg2 Bb7 6. d4 cxd4 7. Nxd4 Nf6 8. O-O
Qc7 9. Re1 Bc5 10. e5 Nd5 11. Nxd5 Bxd5 12. Bxd5 exd5 13. Nf5 Kf8 14. Qg4 g6 15.
Bh6+ Kg8 16. Qg5 Nc6 17. Qf6 1-0